000 00851nam a22002777a 4500
003 CHAP
005 20220329140530.0
008 971013s r 00010 d
010 _a53438
011 _a54410
035 _a58561
040 _cCHAP
090 _aMP-23
100 0 0 _aRoys, Ralph L.
_9100409
245 1 _aReport and census of the indians of Cozumel, 1570
500 _a(En : Contributions to American Anthropology and History. 6 (30-34), 1940. p. 1-30)
590 _aBATCH-UPD
_b10
_c20130110
_lUCH01
_h0407
590 _aBATCH-UPD
_b10
_c20130410
_lUCH01
_h0041
590 _aBATCH-UPD
_b10
_c20130914
_lUCH01
_h1805
590 _aCONVERSION
_b10
_c20130109
_lUCH01
_h1329
650 1 4 _aMayas.
_973209
650 1 4 _aPoblación
_zQuintana Roo.
_989435
901 _aBK
942 _cMP
949 _aMP-23
_bBC
_cMP
_d-127079
_eMP
_i58561
_si
999 _c53438
_d53438